| 000 | 00880nam2a22002411 4500 | ||
|---|---|---|---|
| 001 | RU\NLR\Per\891276 | ||
| 005 | 20250617195734.0 | ||
| 035 | _a(NLR Aleph) 003133280 | ||
| 090 |
_a2852762 _c2852762 |
||
| 100 | _a20121006d2002 |||y0rusy50 ca | ||
| 101 | 0 | _arus | |
| 102 | _aRU | ||
| 105 | _ay ||||||||| | ||
| 200 | 0 | _a2002, № 12 (84) | |
| 210 |
_d2002 _aБ. м. |
||
| 461 | 0 |
_1001RU\NLR\INFOCOMM6\1000507878 _12001#$aСоветник$fРос. ассоц. по связям с общественностью (РАСО)$v2002, № 12 (84) _94491167 _cМ. _d1996- _fРос. ассоц. по связям с общественностью (РАСО) _nТОО "Service & Media Ltd." _tСоветник _v2002, № 12 (84) |
|
| 801 | 1 |
_aRU _bInfoComm _c20041105 |
|
| 801 | 0 |
_aRU _bNLR _gPSBO |
|
| 852 |
_aNLR _jП23/4073 |
||
| 942 | _cISSUE | ||
| 980 | _aNB | ||
| 980 | _aRUSPER | ||